Президенты Украины - Statistics

General Stats
  • This quiz has been taken 344 times
  • The average score is 6 of 8
Answer Stats
Президентство Ответ % Correct
2019-н.в. Владимир Зеленский 8
97%
2014-2019 Пётр Порошенко 7
94%
2010-2014 Виктор Янукович 5
89%
1994-1999 Леонид Кучма 2
77%
1999-2005 Леонид Кучма 3
77%
2005-2010 Виктор Ющенко 4
72%
1991-1994 Леонид Кравчук 1
67%
2014 (И.О.) Александр Турчинов 6
41%
No matching quizzes found
Score Distribution
Percent of People with Each Score
Percentile by Number Answered
Your Score History
You have not taken this quiz